Currículo y evaluación críticos: pedagogía para la autonomía y la democracia

Guardat en:
Dades bibliogràfiques
Format: Llibre
Idioma:Spanish
Publicat: Bogotá (Colombia): Universidad Pedagógica Nacional, ClUP, 2013
Col·lecció:Colección Memorias y entramados educativos y culturales
Matèries:
Accés en línia:Enlace del recurso
Etiquetes: Afegir etiqueta
Sense etiquetes, Sigues el primer a etiquetar aquest registre!

MARC

LEADER 00000nam a22000007a 4500
003 OSt
005 20170728093904.0
008 170726b2013 ck ||||| |||| 00| 0 spa d
020 |a 9789588650562 
040 |c CNA-IDEP 
082 |a 375.006  |b C877 
130 |a Currículo y evaluación críticos: pedagogía para la autonomía y la democracia  |9 2462 
245 1 0 |a Currículo y evaluación críticos: pedagogía para la autonomía y la democracia  |c Libia Stella Niño Zafra: [compiladora] 
260 |a Bogotá (Colombia):  |b Universidad Pedagógica Nacional,  |b ClUP,  |c 2013 
300 |a 147 p.  |b Tablas, Gráficos 
440 |a Colección Memorias y entramados educativos y culturales  |n 7  |9 2463 
504 |a Incluye Bibliografía, Índice Onomástico y Temático 
650 |a Evaluación Educativa  |9 2082 
650 |a Currículo  |9 200 
650 |a Pedagogía  |9 93 
650 |a Democracia  |9 2464 
650 |a Autonomía en la Educación  |9 2465 
650 |a Calidad de la Educación  |9 2466 
942 |2 ddc  |c BK 
999 |c 5194  |d 5194 
856 |u https://catalogo.idep.edu.co/cgi-bin/koha/opac-detail.pl?biblionumber=5194  |z Enlace del recurso